Calculus and its applications (Record no. 7532)
[ view plain ]
| 000 -LEADER | |
|---|---|
| fixed length control field | 00519 a2200181 4500 |
| 020 ## - INTERNATIONAL STANDARD BOOK NUMBER | |
| International Standard Book Number | 0130797669 |
| 040 ## - CATALOGING SOURCE | |
| Original cataloging agency | DLC |
| 100 1# - MAIN ENTRY--PERSONAL NAME | |
| Personal name | Goldstein, Larry Joel. |
| 245 10 - TITLE STATEMENT | |
| Title | Calculus and its applications |
| Statement of responsibility, etc. | Larry J. Goldstein, David C. Lay, David I. Schneider. |
| 250 ## - EDITION STATEMENT | |
| Edition statement | 8th ed. |
| 260 ## - PUBLICATION, DISTRIBUTION, ETC. | |
| Place of publication, distribution, etc. | Upper Saddle River, N.J. : |
| Name of publisher, distributor, etc. | Prentice Hall, |
| Date of publication, distribution, etc. | 1999. |
| 300 ## - PHYSICAL DESCRIPTION | |
| Extent | 628 p. : |
| Other physical details | ill. |
| 500 ## - GENERAL NOTE | |
| General note | Includes index. |
| 650 #0 - SUBJECT ADDED ENTRY--TOPICAL TERM | |
| Topical term or geographic name entry element | Calculus. |
| 700 1# - ADDED ENTRY--PERSONAL NAME | |
| Personal name | Lay, David C. |
| 700 1# - ADDED ENTRY--PERSONAL NAME | |
| Personal name | Schneider, David I. |
| 942 ## - ADDED ENTRY ELEMENTS (KOHA) | |
| Koha item type | Book |
| Call number prefix | 515 GOL |
| Source of classification or shelving scheme | |
| Withdrawn status | Lost status | Damaged status | Not for loan | Collection code | Permanent Location | Current Location | Shelving location | Date acquired | Source of acquisition | Cost, normal purchase price | Total Checkouts | Full call number | Barcode | Date last seen | Date last checked out | Price effective from | Koha item type |
|---|---|---|---|---|---|---|---|---|---|---|---|---|---|---|---|---|---|
| Central Library (CL) | Central Library (CL) | General Stacks | 01/04/2002 | New Public Book | 3015.20 | 1 | 515 GOL | SEECS001639 | 11/14/2016 | 10/10/2016 | 01/05/2017 | Book |
